| 000 | 01100nam a2200325 c 4500 | ||
|---|---|---|---|
| 001 | 53465 | ||
| 003 | ES-MaCES | ||
| 005 | 20250203133124.0 | ||
| 008 | 241209s2024 sp l 000 | spa d | ||
| 017 |
_aV 2347-2024 _bDL |
||
| 020 | _a9788413781549 | ||
| 040 |
_aES-MaCES _bspa _cES-MaCES |
||
| 110 | 1 |
_aEspaña _tLeyes, etc., de Seguridad Social _93122 |
|
| 245 | 0 | 0 |
_aLegislación básica de Seguridad Social _c[ed. preparada por] Monserrat Agís Dasilva, José Francisco Blasco Lahoz |
| 250 | _a21ª ed | ||
| 260 |
_aValencia _bTirant lo Blanch _c2024 |
||
| 300 |
_a1180 p. _c22 cm |
||
| 490 | 1 | _aTextos legales | |
| 541 | _cGratuito | ||
| 650 | 4 |
_alegislación de seguridad social _929855 |
|
| 650 | 4 |
_atexto _929624 |
|
| 650 | 4 |
_aEspaña _926964 |
|
| 653 | 1 | 0 | _aLegislación |
| 700 | 1 |
_aAgís Dasilva, Monserrat _eed. lit. _95634 |
|
| 700 | 1 |
_aBlasco Lahoz, José Francisco _eed. lit. _97894 |
|
| 775 | 0 |
_tLegislación básica de Seguridad Social _w(ES-MaCES)52971 |
|
| 830 | 0 |
_aTextos legales (Tirant lo Blanch (Firma)) _933797 |
|
| 902 | _aLIB Libro | ||
| 942 |
_2CES _cBK _h6.1. |
||
| 999 |
_c53465 _d53465 |
||